[Event "Sparkassen-Open A"]
[Site "Heusenstamm, Martinsee"]
[Date "2024.11.23"]
[Round "4.51"]
[White "Dorfner, Jeremias"]
[Black "Bardorz, Jana"]
[Result "0-1"]
[WhiteElo "1882"]
[BlackElo "2083"]
[PlyCount "120"]
[EventDate "2024.11.21"]
[WhiteTeam "TV-Großostheim 1900 e.V."]
[BlackTeam "TSV 1869 e. V. Rottendorf"]

1. e4 c5 2. d4 cxd4 3. Qxd4 Nc6 4. Qd3 g6 5. Nc3 Bg7 6. Nf3 Nf6 7. Be2 O-O 8. O-O d6 9. Nd5 Bg4 10. c3 Bxf3 11. Qxf3 Rc8 12. Bg5 Nd7 13. Qe3 Re8 14. f4 f6 15. Bh4 e6 16. Nb4 Nxb4 17. cxb4 Qb6 18. Qxb6 Nxb6 19. Rac1 d5 20. exd5 Nxd5 21. Bc4 Kf8 22. Bf2 b6 23. Bxd5 exd5 24. f5 Rc4 25. Rxc4 dxc4 26. Bd4 Kf7 27. Kf2 gxf5 28. Re1 Re4 29. Rd1 Bf8 30. Bc3 Ke6 31. Rd8 Bd6 32. h3 Be5 33. Ra8 Bd4+ 34. Bxd4 Rxd4 35. Ke2 Rd7 36. Rc8 Kd5 37. Rf8 Ke5 38. Re8+ Kf4 39. Re3 Rd4 40. Rf3+ Ke5 41. Ra3 Rd7 42. Re3+ Kd4 43. Rf3 Re7+ 44. Kd2 Re5 45. Rf4+ Kd5 46. Rh4 Re7 47. Rf4 Ke5 48. Rxc4 Rg7 49. Ke3 Rxg2 50. Rc7 Rxb2 51. Rxa7 h5 52. Re7+ Kd6 53. Rh7 Rxb4 54. Rxh5 Ke5 55. Rh8 f4+ 56. Kf3 Ra4 57. Rb8 Ra3+ 58. Kg4 Rg3+ 59. Kh4 Rg6 60. Rxb6 Rh6+ 0-1

[Event "Sparkassen-Open A"]
[Site "Heusenstamm, Martinsee"]
[Date "2024.11.23"]
[Round "4.52"]
[White "Röß, Jonas"]
[Black "Steinle, Carsten"]
[Result "0-1"]
[WhiteElo "1878"]
[BlackElo "2054"]
[PlyCount "134"]
[EventDate "2024.11.21"]
[WhiteTeam "SV Würzburg von 1865 e.V."]
[BlackTeam "Schachverein Ahlen 1954 e. V."]

1. e4 e6 2. d4 d5 3. Nd2 Nf6 4. e5 Nfd7 5. Bd3 b6 6. Ne2 Ba6 7. Bxa6 Nxa6 8. O-O c5 9. c3 b5 10. f4 g6 11. Nf3 Nb6 12. Be3 Qd7 13. Bf2 Be7 14. b3 c4 15. Bh4 Bxh4 16. Nxh4 b4 17. Nf3 O-O 18. cxb4 Nxb4 19. Qe1 Qe7 20. Qg3 Nc2 21. Rac1 cxb3 22. Ng5 h6 23. Nh3 Kh7 24. Qxb3 Na3 25. Nf2 Nac4 26. Qh3 Kg7 27. Ng4 Rh8 28. Nf6 Nd7 29. Nxd7 Qxd7 30. Rf3 Rac8 31. Rfc3 Nd2 32. Rxc8 Rxc8 33. Rxc8 Qxc8 34. Qc3 Nc4 35. Qb4 Qd8 36. g3 a5 37. Qc5 Qb8 38. Qe7 Qb1+ 39. Kf2 Nd2 40. Qf6+ Kg8 41. Qd8+ Kh7 42. Qf8 Qf1+ 43. Ke3 Nc4+ 44. Kd3 Qf3+ 45. Kc2 Qxe2+ 46. Kb3 Qb2+ 47. Ka4 Qxa2+ 48. Kb5 Qb3+ 49. Kc6 Qb6+ 50. Kd7 Qb7+ 51. Ke8 Qc8+ 52. Ke7 Qxf8+ 53. Kxf8 a4 54. Kxf7 a3 55. Kxe6 a2 56. Kxd5 Ne3+ 57. Ke4 Nf5 58. g4 Ne7 59. f5 gxf5+ 60. gxf5 a1=Q 61. f6 Qa8+ 62. Kf4 Nd5+ 63. Kf5 Qc8+ 64. e6 Nc7 65. d5 Nxd5 66. f7 Nc7 67. Kf6 Qxe6# 0-1

[Event "Sparkassen-Open A"]
[Site "Heusenstamm, Martinsee"]
[Date "2024.11.23"]
[Round "4.53"]
[White "Werner, Tom"]
[Black "Zekovic, Alija"]
[Result "1-0"]
[WhiteElo "1872"]
[BlackElo "2069"]
[PlyCount "107"]
[EventDate "2024.11.21"]
[WhiteTeam "VSG 1880 Offenbach"]
[BlackTeam "Dietzenbach"]

1. c4 e5 2. g3 Bc5 3. Bg2 c6 4. Nc3 Nf6 5. e3 O-O 6. Nge2 d5 7. cxd5 cxd5 8. d4 exd4 9. exd4 Be7 10. O-O Nc6 11. Bg5 Be6 12. Re1 h6 13. Be3 Bg4 14. h3 Bf5 15. a3 Qd7 16. Kh2 Ne4 17. Qb3 Rad8 18. Nf4 Nxc3 19. Qxc3 Be6 20. Rac1 Bf6 21. b4 a6 22. Nxe6 fxe6 23. Qd3 Ne7 24. Bf4 Rc8 25. h4 Nf5 26. Rxc8 Rxc8 27. Bh3 Rc4 28. Be5 Bxe5 29. Bxf5 Bxg3+ 30. fxg3 exf5 31. Re5 g6 32. Qe3 Rc2+ 33. Kg1 f4 34. Qxf4 Qc8 35. Qxh6 Rc1+ 36. Kf2 Qc2+ 37. Re2 Qf5+ 38. Qf4 Qxf4+ 39. gxf4 Rh1 40. Re5 Rxh4 41. Kg3 Rh7 42. Rxd5 Rc7 43. Kg4 Kf7 44. Rd6 Rc3 45. a4 Rc4 46. Rd7+ Kf6 47. Rxb7 Rxd4 48. Rb6+ Kf7 49. a5 Kg7 50. Rxa6 Rxb4 51. Ra8 Ra4 52. a6 Ra5 53. a7 Kf7 54. Rh8 1-0

[Event "Sparkassen-Open A"]
[Site "Heusenstamm, Martinsee"]
[Date "2024.11.23"]
[Round "4.54"]
[White "Dörr, Tarik"]
[Black "Kulkovets, Roman"]
[Result "1-0"]
[WhiteElo "2056"]
[BlackElo "1853"]
[PlyCount "64"]
[EventDate "2024.11.21"]
[WhiteTeam "SC Einrich e.V."]
[BlackTeam "SAbt TuS Makkabi Ffm"]

1. e4 d6 2. d4 Nf6 3. Nc3 c6 4. Nf3 g6 5. Be3 Bg7 6. Qd2 O-O 7. Bh6 b5 8. Bd3 a5 9. h4 b4 10. Ne2 Ba6 11. h5 Bxd3 12. cxd3 Qd7 13. Bxg7 Kxg7 14. hxg6 fxg6 15. Qh6+ Kg8 16. e5 dxe5 17. dxe5 Nh5 18. Ng5 e6 19. g4 Qa7 20. gxh5 Qxf2+ 21. Kd2 Ra7 22. Raf1 Qxf1 23. Rxf1 Rxf1 24. hxg6 hxg6 25. Qxg6+ Kf8 26. Nxe6+ Ke7 27. Nc5 Nd7 28. Qxc6 Rf8 29. e6 Ne5 30. Qe4 Kd6 31. Nb7+ Kc7 32. Qxe5+ Kxb7 1-0

[Event "Sparkassen-Open A"]
[Site "Heusenstamm, Martinsee"]
[Date "2024.11.23"]
[Round "4.55"]
[White "Mukazhanov, Mansur"]
[Black "Heindrich, Mark"]
[Result "0-1"]
[WhiteElo "1862"]
[BlackElo "2045"]
[PlyCount "76"]
[EventDate "2024.11.21"]
[WhiteTeam "SC Rochade Saarlouis 1993 e.V."]
[BlackTeam "SAbt TuS Dotzheim"]

1. e4 c5 2. Nf3 d6 3. Bb5+ Bd7 4. Bxd7+ Qxd7 5. O-O g5 6. d4 g4 7. Nh4 cxd4 8. Qxd4 Nf6 9. Bg5 Nc6 10. Qe3 Qe6 11. Nc3 Rc8 12. Rad1 Rg8 13. Nf5 Nd7 14. Bh4 Nde5 15. Nd5 Ng6 16. Bg3 Bg7 17. b3 Kf8 18. Ndxe7 Ngxe7 19. Rxd6 Nxf5 20. Rxe6 Nxe3 21. Bd6+ Ne7 22. Rxe7 Bf6 23. Rxb7+ Kg7 24. fxe3 Rxc2 25. Rxa7 Bg5 26. Be5+ Kg6 27. Ra6+ Kh5 28. Bd4 Rgc8 29. Rxf7 h6 30. g3 Re2 31. Rf2 Rc1+ 32. Kg2 Ree1 33. Rd2 Rh1 34. h4 gxh3+ 35. Kf3 Rhf1+ 36. Ke2 h2 37. Bg7 h1=Q 38. Rd5 Qf3+ 0-1

[Event "Sparkassen-Open A"]
[Site "Heusenstamm, Martinsee"]
[Date "2024.11.23"]
[Round "4.56"]
[White "Kirchmann, Sascha"]
[Black "Mandalka, Justus"]
[Result "0-1"]
[WhiteElo "1850"]
[BlackElo "2039"]
[PlyCount "100"]
[EventDate "2024.11.21"]
[WhiteTeam "SAbt SU Mühlheim"]
[BlackTeam "SK Bad Homburg 1927"]

1. e4 c5 2. Nf3 Nc6 3. c3 d5 4. exd5 Qxd5 5. d4 Bg4 6. Be2 e6 7. h3 Bh5 8. Be3 cxd4 9. cxd4 Nf6 10. O-O Qd7 11. Qa4 Bd6 12. Nc3 O-O 13. Rfd1 Rfd8 14. Bg5 Nb4 15. Qb3 Bg6 16. Ne5 Qc7 17. Nxg6 hxg6 18. Rac1 Qb8 19. Bf3 Rd7 20. Bxf6 gxf6 21. Ne4 Nd5 22. Nc5 Bxc5 23. dxc5 Qe5 24. Rd2 Rc8 25. Bxd5 exd5 26. Qb5 Rcc7 27. b4 Qf4 28. Rcd1 a6 29. Qa4 d4 30. Qb3 Rc8 31. Qc4 Re8 32. Qf1 Qh4 33. Qc4 Qf4 34. Qf1 Re4 35. g3 Qe5 36. Qd3 f5 37. Qf3 Rd5 38. Kg2 Kg7 39. Rh1 Rd8 40. a3 Qd5 41. h4 Rh8 42. Rd3 a5 43. Rc1 axb4 44. axb4 Rc8 45. Rcd1 Rd8 46. Rc1 Qc6 47. Rb3 d3 48. Rd1 d2 49. Rb2 Rd3 50. b5 Qd5 0-1

[Event "Sparkassen-Open A"]
[Site "Heusenstamm, Martinsee"]
[Date "2024.11.23"]
[Round "4.57"]
[White "Aktürk, Mustafa Deniz"]
[Black "Berberich, Christoph"]
[Result "1/2-1/2"]
[WhiteElo "1888"]
[BlackElo "1892"]
[PlyCount "46"]
[EventDate "2024.11.21"]
[WhiteTeam "Sfr.Mainz 1928"]
[BlackTeam "SK Freiburg-Zähringen 1887 e.V."]

1. e4 c5 2. Nf3 Nc6 3. c3 d5 4. exd5 Qxd5 5. d4 cxd4 6. cxd4 e5 7. Nc3 Bb4 8. a3 Bxc3+ 9. bxc3 exd4 10. cxd4 Nge7 11. Qd2 O-O 12. Be2 b6 13. O-O Bb7 14. Bb2 Na5 15. Qf4 Qe4 16. Qxe4 Bxe4 17. Nd2 Bb7 18. Bc3 Rad8 19. Bxa5 bxa5 20. Bf3 Bd5 21. Rac1 Nf5 22. Rc5 Bxf3 23. Rxf5 Bd5 1/2-1/2

[Event "Sparkassen-Open A"]
[Site "Heusenstamm, Martinsee"]
[Date "2024.11.23"]
[Round "4.58"]
[White "Junker, Christian"]
[Black "Blomer, Moritz"]
[Result "0-1"]
[WhiteElo "2023"]
[BlackElo "1890"]
[PlyCount "150"]
[EventDate "2024.11.21"]
[WhiteTeam "SV 1926 Neu-Isenburg"]
[BlackTeam "SG Porz e. V."]

1. Nf3 d5 2. g3 Nf6 3. d3 Nc6 4. Nbd2 e5 5. e4 dxe4 6. dxe4 Bc5 7. Bg2 O-O 8. O-O a5 9. a4 Qe7 10. Qe2 b6 11. c3 Ba6 12. Nc4 Qe6 13. b3 h6 14. h3 Rfd8 15. Re1 Bxc4 16. bxc4 Qd6 17. Bf1 Rd7 18. Nh4 Rad8 19. Qf3 Nh7 20. Nf5 Qf6 21. Qg4 Kh8 22. h4 Ne7 23. Ne3 c6 24. Be2 Qg6 25. Qxg6 Nxg6 26. Kg2 Nf6 27. f3 Nf8 28. Rb1 g6 29. Nc2 Kg7 30. Na1 Ne6 31. Nb3 Ng8 32. Ra1 Rb8 33. Rb1 Rbd8 34. f4 exf4 35. gxf4 Be7 36. Rh1 Nc5 37. Nxc5 Bxc5 38. Kf3 h5 39. e5 Rd3+ 40. Bxd3 Rxd3+ 41. Ke2 Rxc3 42. Rd1 Rxc4 43. Rd7 Ne7 44. Kf3 Nf5 45. Bb2 Nxh4+ 46. Kg3 Nf5+ 47. Kf3 Kf8 48. Rbd1 Rxa4 49. Rc7 Nd4+ 50. Bxd4 Rxd4 51. Re1 Bb4 52. Re2 Re4 53. e6 Rxf4+ 54. Kg2 fxe6 55. Rxe6 Rf7 56. Rcxc6 Bc5 57. Rc8+ Kg7 58. Rcc6 Kh7 59. Kh3 Rg7 60. Re8 Kh6 61. Kg3 Kh7 62. Kh4 Re7 63. Ra8 Kh6 64. Rh8+ Kg7 65. Ra8 Re4+ 66. Kg3 Rg4+ 67. Kf3 Kh6 68. Re6 a4 69. Re5 a3 70. Rd5 Rc4 71. Rh8+ Kg7 72. Rb8 a2 73. Ra8 Rc3+ 74. Kf4 Ra3 75. Rd2 Kf6 0-1

[Event "Sparkassen-Open A"]
[Site "Heusenstamm, Martinsee"]
[Date "2024.11.23"]
[Round "4.59"]
[White "Raumanns, Niklas"]
[Black "Rondonuwu, Grover"]
[Result "0-1"]
[WhiteElo "1844"]
[BlackElo "2015"]
[PlyCount "53"]
[EventDate "2024.11.21"]
[WhiteTeam "SC Bergen-Enkheim 1922"]
[BlackTeam "Sabt Frankfurter TV 1860"]

1. b3 d5 2. Bb2 Bf5 3. e3 Nd7 4. Nf3 e6 5. c4 c6 6. Nc3 Ngf6 7. Be2 a6 8. O-O Bd6 9. d4 O-O 10. Ne5 Nxe5 11. dxe5 Bxe5 12. f4 Bd6 13. cxd5 exd5 14. Rf3 Qe7 15. g4 Bxg4 16. Rg3 Bf5 17. Bd3 Bxd3 18. Qxd3 Ba3 19. Bxa3 Qxa3 20. Kh1 Kh8 21. Qd4 Qe7 22. Rag1 Rg8 23. f5 Ne4 24. Rxg7 Nf2+ 25. Kg2 Rxg7+ 26. Kxf2 f6 27. Qf4 0-1

[Event "Sparkassen-Open A"]
[Site "Heusenstamm, Martinsee"]
[Date "2024.11.23"]
[Round "4.60"]
[White "Wachsmann, Elmar"]
[Black "Shanawaz Thabrez, Shahzaib"]
[Result "1-0"]
[WhiteElo "2011"]
[BlackElo "1882"]
[PlyCount "109"]
[EventDate "2024.11.21"]
[WhiteTeam "SC Groß-Umstadt"]
[BlackTeam "SK Langen"]

1. d4 Nf6 2. c4 g6 3. Nc3 Bg7 4. Nf3 O-O 5. Bg5 d6 6. e3 h6 7. Bh4 Nbd7 8. h3 b6 9. Be2 Bb7 10. Qc2 a6 11. a4 e5 12. O-O Re8 13. Rfd1 Qe7 14. a5 Nf8 15. dxe5 dxe5 16. Nd5 Bxd5 17. cxd5 b5 18. Qb3 g5 19. Bg3 Ng6 20. Rac1 Rec8 21. Nd2 Ne8 22. e4 Nf6 23. Rc6 Bf8 24. f3 Ne8 25. Qe3 Kg7 26. Rdc1 Kh7 27. Be1 Qd8 28. Nf1 Bd6 29. Ng3 Ng7 30. Bd3 f6 31. Nf1 Ne7 32. R6c2 Ng6 33. Nd2 Qe7 34. Rc6 Nf8 35. Nb3 Nd7 36. Bf1 Kg8 37. h4 Kf7 38. R1c2 Kf8 39. g3 Kf7 40. Bh3 Kg8 41. Rh2 Kf7 42. Bg4 Rh8 43. Bxd7 Qxd7 44. Nc5 Qe7 45. b4 Bxc5 46. bxc5 Rhc8 47. Qe2 Ra7 48. hxg5 hxg5 49. Rh6 Raa8 50. Qh2 Ke8 51. Rhxf6 Kd7 52. Qh3+ Kd8 53. Bd2 Rcb8 54. Bxg5 b4 55. Rf8+ 1-0

[Event "Sparkassen-Open A"]
[Site "Heusenstamm, Martinsee"]
[Date "2024.11.23"]
[Round "4.61"]
[White "Ziska, Stephan"]
[Black "Wambach, Jürgen"]
[Result "0-1"]
[WhiteElo "1834"]
[BlackElo "2015"]
[PlyCount "80"]
[EventDate "2024.11.21"]
[WhiteTeam "SF Bürstadt"]
[BlackTeam "SK 1982 Klingenberg e.V."]

1. e4 d6 2. d4 Nf6 3. Nc3 Nbd7 4. Be3 e5 5. Bc4 c6 6. Nf3 Be7 7. dxe5 dxe5 8. Bb3 Qc7 9. O-O b5 10. Nd2 O-O 11. a4 b4 12. Ncb1 Nc5 13. f3 Rd8 14. Bc4 a5 15. Qe2 Ne6 16. Bxe6 Bxe6 17. Nc4 Nd7 18. Nbd2 Bc5 19. Bxc5 Nxc5 20. Qe3 Nb7 21. Rad1 Rd4 22. b3 Rad8 23. Rde1 f6 24. Rf2 Nd6 25. Nb2 c5 26. f4 c4 27. c3 bxc3 28. Qxc3 Rb8 29. fxe5 fxe5 30. Nbxc4 Nxc4 31. bxc4 Rb4 32. c5 Rxa4 33. Ref1 h6 34. Kh1 Ra2 35. Rf8+ Kh7 36. Nf3 Rc4 37. Qe1 Qxc5 38. Qg3 Qxf8 39. Ng5+ hxg5 40. Rxf8 Ra1+ 0-1

[Event "Sparkassen-Open A"]
[Site "Heusenstamm, Martinsee"]
[Date "2024.11.23"]
[Round "4.62"]
[White "Füssel, Jan Michael"]
[Black "Bräutigam, Thomas"]
[Result "0-1"]
[WhiteElo "1833"]
[BlackElo "2010"]
[PlyCount "82"]
[EventDate "2024.11.21"]
[WhiteTeam "VSG 1880 Offenbach"]
[BlackTeam "SC 1957 Bad Königshofen e.V."]

1. b3 d5 2. e3 Nf6 3. Bb2 Bf5 4. Nf3 e6 5. Be2 Bd6 6. O-O O-O 7. d4 Nbd7 8. Nbd2 h6 9. c4 c6 10. Ne5 Qe7 11. c5 Bc7 12. b4 Nxe5 13. dxe5 Nd7 14. f4 b6 15. cxb6 axb6 16. Qb3 c5 17. a3 c4 18. Qc3 b5 19. Nf3 Nb6 20. Bd1 Bd3 21. Rf2 Na4 22. Bxa4 Rxa4 23. Nd4 Bb6 24. Qe1 Qd7 25. Rf3 Rc8 26. g4 Rca8 27. Qh4 c3 28. Bc1 Rxb4 29. g5 Bd8 30. Qh3 hxg5 31. fxg5 c2 32. g6 Bxg6 33. Rf1 Rb1 34. Ra2 b4 35. e4 dxe4 36. Nxe6 Qxe6 37. Qxe6 fxe6 38. Rxc2 Bb6+ 39. Kg2 e3 40. Ra2 Be4+ 41. Kh3 Bd4 0-1

[Event "Sparkassen-Open A"]
[Site "Heusenstamm, Martinsee"]
[Date "2024.11.23"]
[Round "4.63"]
[White "Thomas, Tobias"]
[Black "Diehl, Stefan"]
[Result "1-0"]
[WhiteElo "1979"]
[BlackElo "1865"]
[PlyCount "86"]
[EventDate "2024.11.21"]
[WhiteTeam "SK Langen"]
[BlackTeam "SC Eschborn 1974"]

1. c4 c6 2. g3 Nf6 3. Bg2 e6 4. Nf3 d5 5. O-O Be7 6. d4 O-O 7. Nc3 c5 8. cxd5 Nxd5 9. e4 cxd4 10. Qxd4 Nc6 11. Qd2 Nb6 12. Qe2 e5 13. Rd1 Qc7 14. Nd5 Qb8 15. Nxe7+ Nxe7 16. Be3 Nc6 17. Bc5 Rd8 18. Rxd8+ Nxd8 19. Rd1 Bg4 20. Bd6 Qc8 21. Bxe5 Nc6 22. Bc3 Qe6 23. a3 Re8 24. Re1 f6 25. Qc2 Rc8 26. Nd2 Nd5 27. Rc1 Nxc3 28. Qxc3 Ne7 29. Nc4 Be2 30. b3 b5 31. Qd2 bxc4 32. Qxe2 cxb3 33. Rb1 Qb6 34. Rb2 Rc1+ 35. Bf1 Ra1 36. Qc4+ Kf8 37. Rxb3 Qd6 38. Rd3 Qb8 39. Kg2 g6 40. Qe6 Qe5 41. Rd8+ Kg7 42. Qxe5 fxe5 43. Rd7 Kf6 1-0

[Event "Sparkassen-Open A"]
[Site "Heusenstamm, Martinsee"]
[Date "2024.11.23"]
[Round "4.64"]
[White "Falkenhainer, Sven"]
[Black "Vihan, Shourya"]
[Result "1/2-1/2"]
[WhiteElo "1830"]
[BlackElo "2007"]
[PlyCount "124"]
[EventDate "2024.11.21"]
[WhiteTeam "SC Bergen-Enkheim 1922"]
[BlackTeam "SV 1920 Hofheim"]

1. e4 c5 2. Nf3 e6 3. Be2 Nc6 4. d3 g6 5. O-O Bg7 6. c3 d5 7. exd5 Qxd5 8. Na3 Nge7 9. Bf4 Qd8 10. Nc4 O-O 11. Nfe5 Nxe5 12. Bxe5 Bxe5 13. Nxe5 Bd7 14. Bf3 Bc6 15. Nxc6 Nxc6 16. Bxc6 bxc6 17. Qe2 Qb6 18. Rfd1 Rfd8 19. Rd2 Rd5 20. g3 Rad8 21. Rad1 Qc7 22. f3 Qd6 23. Qe4 Qe5 24. Qxe5 Rxe5 25. Kf2 Red5 26. b3 g5 27. d4 cxd4 28. Rxd4 c5 29. Rxd5 exd5 30. Ke3 f6 31. f4 Kf7 32. fxg5 fxg5 33. b4 cxb4 34. cxb4 Ke6 35. Kd4 Rc8 36. a3 Rc2 37. Re1+ Kd6 38. Re8 Rd2+ 39. Ke3 Ra2 40. Rd8+ Ke5 41. Re8+ Kf5 42. Kd4 Rxa3 43. Kxd5 Kg4 44. Re2 h6 45. Rb2 Ra6 46. b5 Rb6 47. Kc5 Kh3 48. Ra2 Rb7 49. Kc6 Rf7 50. Rb2 h5 51. Kd6 h4 52. gxh4 Kxh4 53. Ke6 Re7+ 54. Kd6 g4 55. Kc6 Rf7 56. Kd6 Kh3 57. Ke6 Rf1 58. Ke5 Re1+ 59. Kf4 Re6 60. Ra2 Rf6+ 61. Kg5 Rb6 62. Ra3+ Kxh2 1/2-1/2

[Event "Sparkassen-Open A"]
[Site "Heusenstamm, Martinsee"]
[Date "2024.11.23"]
[Round "4.65"]
[White "Sasikumar Anitha, Sarvesh"]
[Black "Lenz, Joshua"]
[Result "0-1"]
[WhiteElo "1827"]
[BlackElo "2006"]
[PlyCount "114"]
[EventDate "2024.11.21"]
[WhiteTeam "SK 1858 Gießen"]
[BlackTeam "TSV Schott Mainz"]

1. e4 c5 2. Nf3 a6 3. c4 Nc6 4. d4 cxd4 5. Nxd4 Nf6 6. Nc3 e5 7. Nf5 d5 8. cxd5 Bxf5 9. exf5 Nd4 10. Bd3 Be7 11. O-O O-O 12. Re1 Nxd5 13. Nxd5 Qxd5 14. Be4 Qd7 15. Be3 Bf6 16. Qg4 Rfd8 17. h4 Kh8 18. Bg5 Bxg5 19. hxg5 g6 20. Qg3 Nxf5 21. Qxe5+ Ng7 22. Bf3 Re8 23. Qf4 Kg8 24. Red1 Qe7 25. Qf6 Ne6 26. Re1 Rad8 27. Re3 Rd2 28. Rae1 Qxf6 29. gxf6 Rxb2 30. Bd5 Rd8 31. Bb3 Rdd2 32. Rf3 Rd6 33. Rc3 Rc6 34. Rd3 h5 35. Rd7 b5 36. Ra7 Nc7 37. Re7 Rxf6 38. Raxc7 Rbxf2 39. Bd5 Rf1+ 40. Kh2 g5 41. Re8+ Kg7 42. Rcc8 R6f4 43. Rg8+ Kf6 44. Bf3 g4 45. Be2 Re1 46. Kg3 Re4 47. Bxg4 Rxg4+ 48. Rxg4 hxg4 49. Kxg4 Re4+ 50. Kf3 Ra4 51. Rc2 Kg5 52. Rc5+ f5 53. Rc2 Ra3+ 54. Kf2 Kg4 55. Rb2 f4 56. Rc2 b4 57. Rb2 a5 0-1

[Event "Sparkassen-Open A"]
[Site "Heusenstamm, Martinsee"]
[Date "2024.11.23"]
[Round "4.66"]
[White "Müller, Maximilian"]
[Black "Behr, Julian"]
[Result "1/2-1/2"]
[WhiteElo "2005"]
[BlackElo "1803"]
[PlyCount "52"]
[EventDate "2024.11.21"]
[WhiteTeam "SVG Saarbrücken 1970 e.V."]
[BlackTeam "Sfr.Mainz 1928"]

1. e4 e5 2. Nf3 Nc6 3. Bb5 a6 4. Ba4 Nf6 5. O-O b5 6. Bb3 Be7 7. Re1 O-O 8. a4 Bb7 9. c3 d6 10. d4 h6 11. Nbd2 exd4 12. cxd4 Nh7 13. Nf1 Ng5 14. Bxg5 Bxg5 15. Ng3 Na5 16. Bc2 c5 17. Nf5 g6 18. Nxg5 hxg5 19. Ne3 Nc6 20. dxc5 dxc5 21. Qe2 Nd4 22. Qg4 Qf6 23. Rac1 Rad8 24. Bb1 Nb3 25. Rc3 c4 26. Qg3 Rd2 1/2-1/2

[Event "Sparkassen-Open A"]
[Site "Heusenstamm, Martinsee"]
[Date "2024.11.23"]
[Round "4.67"]
[White "Calvi, Stefan"]
[Black "Wagner, Cosima Thien-An"]
[Result "1-0"]
[WhiteElo "1978"]
[BlackElo "1764"]
[PlyCount "69"]
[EventDate "2024.11.21"]
[WhiteTeam "SV Oberursel"]
[BlackTeam "TV Tegernsee"]

1. e4 c5 2. c3 g6 3. d4 cxd4 4. cxd4 d5 5. exd5 Nf6 6. Bb5+ Bd7 7. Bc4 b5 8. Bb3 Qa5+ 9. Bd2 Qb6 10. Nf3 Bg7 11. O-O O-O 12. Nc3 b4 13. Ne2 Bg4 14. Nf4 Ne4 15. Be3 Ng5 16. Re1 Qd6 17. h4 Nxf3+ 18. gxf3 Bf5 19. Rc1 Qf6 20. Ng2 h6 21. Qd2 Bh3 22. Qe2 Nd7 23. Rc6 Qf5 24. Nf4 Nb8 25. Rc7 Bxd4 26. Rxe7 Qf6 27. Nxh3 Qxe7 28. Bxd4 Qxh4 29. Qe5 f6 30. Qd6 Kg7 31. Re4 Qh5 32. Rf4 g5 33. Rxf6 Rxf6 34. Qxf6+ Kg8 35. Qg7# 1-0

[Event "Sparkassen-Open A"]
[Site "Heusenstamm, Martinsee"]
[Date "2024.11.23"]
[Round "4.68"]
[White "Klein, Levent"]
[Black "Sensoy, Emir"]
[Result "1-0"]
[WhiteElo "1966"]
[BlackElo "1778"]
[PlyCount "111"]
[EventDate "2024.11.21"]
[WhiteTeam "SK Kaiserslautern 1905"]
[BlackTeam "MSA Zugzwang 82 e.V."]

1. Nf3 d5 2. d4 e6 3. b3 c5 4. e3 Nf6 5. Be2 Bd6 6. O-O O-O 7. Bb2 Nbd7 8. Nbd2 Qc7 9. c4 b6 10. cxd5 exd5 11. Rc1 Bb7 12. h3 Rac8 13. Qc2 Qb8 14. Qf5 Rcd8 15. Ne5 Rfe8 16. Nxd7 Nxd7 17. Nf3 g6 18. Qb1 Bf8 19. Bb5 a6 20. Be2 Bg7 21. dxc5 bxc5 22. Bxg7 Kxg7 23. Qb2+ f6 24. Rfd1 Qd6 25. Rd2 Ne5 26. Qa3 Rc8 27. Nxe5 fxe5 28. Rcd1 d4 29. exd4 exd4 30. Qb2 Re5 31. b4 Rg5 32. g4 Qd5 33. f3 Qe5 34. Kg2 Qf6 35. bxc5 Rgxc5 36. Qxb7+ R8c7 37. Qb2 Rc3 38. Rxd4 R3c6 39. Rd7+ Rxd7 40. Rxd7+ Kh6 41. Qxf6 Rxf6 42. Ra7 Re6 43. Kf2 Rc6 44. Rxa6 Rc2 45. h4 Kg7 46. a4 Ra2 47. a5 h5 48. g5 Kh7 49. Rf6 Kg7 50. a6 Kh7 51. Ke3 Kg7 52. Bd3 Ra4 53. Rxg6+ Kf7 54. Rh6 Rxh4 55. a7 Ra4 56. Rh8 1-0

[Event "Sparkassen-Open A"]
[Site "Heusenstamm, Martinsee"]
[Date "2024.11.23"]
[Round "4.69"]
[White "Musiienko, Platon"]
[Black "Kolar, Edvard"]
[Result "1-0"]
[WhiteElo "1947"]
[BlackElo "1771"]
[PlyCount "95"]
[EventDate "2024.11.21"]
[WhiteTeam "Wiesbadener SV 1885"]
[BlackTeam "KS Rícany 1925"]

1. e4 c5 2. c3 d5 3. exd5 Qxd5 4. Nf3 Bf5 5. d4 Nc6 6. Be2 cxd4 7. cxd4 Bxb1 8. Rxb1 e6 9. O-O Nf6 10. Qa4 a6 11. Qb3 b5 12. Qc2 Be7 13. Ne5 Nb4 14. Qd1 Qd6 15. a4 Qb8 16. Ra1 O-O 17. axb5 a5 18. Bf3 Nbd5 19. Nc6 Qc7 20. Bd2 Bb4 21. Bxb4 axb4 22. Rxa8 Rxa8 23. Nxb4 Qc4 24. Nxd5 Nxd5 25. b6 Rb8 26. Qd2 Nxb6 27. Rc1 Qb3 28. Qc3 Qxc3 29. bxc3 Rc8 30. Kf1 Kf8 31. Ke2 Ke7 32. Kd3 Nc4 33. Ra1 Rc7 34. Ra2 g6 35. g3 h5 36. h4 f5 37. Ra6 Rc8 38. Rc6 Rxc6 39. Bxc6 Na5 40. Bf3 Kd7 41. c4 Nb3 42. Bd1 Na5 43. Ba4+ Kd6 44. Be8 e5 45. Bxg6 exd4 46. Kxd4 f4 47. Bxh5 fxg3 48. fxg3 1-0

[Event "Sparkassen-Open A"]
[Site "Heusenstamm, Martinsee"]
[Date "2024.11.23"]
[Round "4.70"]
[White "Eggenstein, Frank"]
[Black "Wang, Simon"]
[Result "1/2-1/2"]
[WhiteElo "1945"]
[BlackElo "1749"]
[PlyCount "54"]
[EventDate "2024.11.21"]
[WhiteTeam "Schachverein Datteln 1924"]
[BlackTeam "SF Dachau 1932 e.V."]

1. e4 c6 2. d3 d5 3. Nd2 e5 4. Ngf3 Bg4 5. h3 Bxf3 6. Qxf3 d4 7. g3 c5 8. Bg2 Nc6 9. O-O Nf6 10. Qe2 Bd6 11. f4 b5 12. Rf2 Qc7 13. Nf1 Na5 14. Nh2 Rc8 15. Ng4 Nxg4 16. Qxg4 f6 17. Qe6+ Kd8 18. fxe5 Bxe5 19. Bf4 Bxf4 20. gxf4 Re8 21. Qf5 h6 22. Re1 Qd7 23. Qh5 Rc7 24. Bf3 Re7 25. Bg4 Qc6 26. Rfe2 Nb7 27. Qg6 Qe8 1/2-1/2

[Event "Sparkassen-Open A"]
[Site "Heusenstamm, Martinsee"]
[Date "2024.11.23"]
[Round "4.71"]
[White "Kuchta, Maksim"]
[Black "Tietzen, Stefan"]
[Result "0-1"]
[WhiteElo "1711"]
[BlackElo "1942"]
[PlyCount "73"]
[EventDate "2024.11.21"]
[WhiteTeam "SC Heusenstamm"]
[BlackTeam "SK 1980 Gernsheim"]

1. e4 c5 2. Nf3 e6 3. d4 cxd4 4. Nxd4 a6 5. Nc3 Qc7 6. Bd3 Nf6 7. O-O Bc5 8. Nf3 d6 9. Bf4 Nbd7 10. Qe2 O-O 11. h3 b5 12. e5 dxe5 13. Nxe5 Bd6 14. Nxd7 Bxd7 15. Bxd6 Qxd6 16. Ne4 Nxe4 17. Bxe4 Rad8 18. Rad1 Qc7 19. Rd4 e5 20. Rd2 Be6 21. Rfd1 Rxd2 22. Qxd2 Qc4 23. Bb7 Qxa2 24. Qc3 Bf5 25. Rd6 Qb1+ 26. Kh2 Qxc2 27. Qxe5 Qxf2 28. Rxa6 b4 29. Ra5 Be6 30. Bd5 Bxd5 31. Rxd5 h6 32. Rb5 Qd2 33. b3 Rc8 34. Qe4 Qd6+ 35. Kg1 Qg3 36. Kf1 Rc1+ 37. Ke2 0-1

[Event "Sparkassen-Open A"]
[Site "Heusenstamm, Martinsee"]
[Date "2024.11.23"]
[Round "4.72"]
[White "Ternes, Markus"]
[Black "Serbu, Daniel Elias"]
[Result "0-1"]
[WhiteElo "1882"]
[BlackElo "2138"]
[PlyCount "92"]
[EventDate "2024.11.21"]
[WhiteTeam "SC Sulzbach-Rosenberg"]
[BlackTeam "SK Langen"]

1. e4 c5 2. Nf3 e6 3. Nc3 Nc6 4. d4 cxd4 5. Nxd4 Qc7 6. Be3 a6 7. Bd3 Nf6 8. O-O Be7 9. f4 d6 10. Qf3 h5 11. h3 Bd7 12. Rae1 h4 13. a3 Rc8 14. Nd5 exd5 15. exd5 Nxd4 16. Bxd4 Kf8 17. c4 Re8 18. Kh1 Nh5 19. Bf2 Bf6 20. f5 Qd8 21. b4 Be5 22. c5 Ng3+ 23. Bxg3 Bxg3 24. Re6 Bxe6 25. fxe6 f6 26. Rc1 Re7 27. Bg6 Rh6 28. Qe4 Rc7 29. a4 Be5 30. c6 bxc6 31. dxc6 d5 32. Qb1 Qd6 33. b5 axb5 34. axb5 Qxe6 35. Bf5 Qd6 36. Qa2 g6 37. Qa8+ Kg7 38. b6 Rh8 39. Qa4 gxf5 40. bxc7 Qxc7 41. Qb5 Ra8 42. Qd3 Ra6 43. Qxf5 Rxc6 44. Qg4+ Kf8 45. Rf1 Rc1 46. Qb4+ Kf7 0-1